SFP/RKP Kuntavaalissa 2025 - Statistics

Yleistilastot
  • Tätä visaa on pelattu 13 kertaa
  • Keskiarvotulos 9 / 10
Vastaustilastot
Prosentti Kunta % Oikein
56,4% Kristiinankaupunki
100%
79,3% Maalahti
100%
71,8% Mustasaari
100%
84,4% Närpiö
100%
50,0% Pedersören kunta
100%
93,9% Korsnäs
91%
70,4% Kruunupyy
91%
75,5% Uusikaarlepyy
91%
92,1% Vöyri
91%
58,5% Inkoo
45%
Ehtoja vastaavia visoja ei löytynyt
Tulosjakauma
Jokaisen tuloksen saaneiden osuus
Persentiili vastausten määrän mukaan
Tuloshistoriasi
Et ole pelannut tätä visaa